| 000 | 01101nam2a22002651 4500 | ||
|---|---|---|---|
| 001 | rc\4732406 | ||
| 005 | 20130416213846.2 | ||
| 035 | _a(NLR Aleph) 008733533 | ||
| 090 |
_a9490602 _c9490602 |
||
| 100 | _a20130416d1972 |||y0rusy50 ca | ||
| 101 | 0 | _arus | |
| 102 | _aRU | ||
| 105 | _aa z ||||| | ||
| 200 | 0 |
_aЧ. 2 _f[Авт. А.С. Гусев, Ю.П. Сергеев, В.Е. Лотис] _gСмол. гос. ин-т физ. культуры |
|
| 210 | _d1972 | ||
| 215 |
_a184 с. _cил. |
||
| 461 | 0 |
_1001rc\4732404 _12001#$aПрактикум по анатомии человека$e(Для студентов-заочников)$eЧ. 1-$vЧ. 2 _99490595 _cМосква _d1969- _nФизкультура и спорт _o(Для студентов-заочников) : Ч. 1- _tПрактикум по анатомии человека _vЧ. 2 |
|
| 701 | 1 |
_aСергеев _bЮ. П. |
|
| 701 | 1 |
_aЛотис _bВ. Е. |
|
| 701 | 1 |
_aГусев _bА. С. _gАндрей Сергеевич |
|
| 801 | 0 |
_aRU _bNLR _gpsbo |
|
| 801 | 1 |
_aRU _bELAR _2rusmarc |
|
| 852 |
_aNLR _j69-5/4885 |
||
| 942 | _cBOOK | ||
| 980 | _aNB | ||